=LDR 00000nam 2200000 4500 =001 INLIS000000000011081 =005 20130612102700 =008 ***********************************Ind** =035 ##$$0010-061300000011081 =041 ##$$a Ind =082 ##$$a 361.67 =090 ##$$a 361.07, Nur p =100 ##$$a Nurdin, M. Fadhil =245 ##$$a Pengantar Studi Kesejahteraan Nasional, Drs.M.Faddil Nurdin =260 ##$$a Angkasa 1990 $b Bandung =300 ##$$a VIII-133 hlm, 21 cm =850 ##$$a NBPNMAT